Normal view
MARC view
Entry Personal Name
001 - CONTROL NUMBER
- control field: 1236498
003 - CONTROL NUMBER IDENTIFIER
- control field: OSt
005 - DATE AND TIME OF LATEST TRANSACTION
- control field: 20260430150119.0
008 - FIXED-LENGTH DATA ELEMENTS
- fixed length control field: 260430|| aca||aabn | a|a d
040 ## - CATALOGING SOURCE
- Original cataloging agency: OSt
- Transcribing agency: OSt
100 ## - HEADING--PERSONAL NAME
- Personal name: Tiwari Kaushlendra Kumar Au.; Tribhuwan Prasad Gu
670 ## - SOURCE DATA FOUND
- Source citation: Work cat.: (OSt)1848979: Tiwari Kaushlendra Kumar Au.; Tribhuwan Prasad Gu., Penal Transportation in India and South Africa with Special Reference to Andaman & Robben islands from 18th to 20th Century, 2022
